000 00645nam a22002057a 4500
005 20251108170938.0
008 250721s1997 xx 000 0 ara d
082 1 4 _aط/595.7/برغ
100 1 _aفتحي، تراجي
_eمترجم
245 1 0 _aالبرغوث :
_bالطفيليات /
264 1 _aالرياض :
_bمكتبة العبيكان،
_c1997.
300 _a29ص
490 0 _aسلسلة أسرار عالم الحيوان ؛ 34
650 1 7 _aالحيوانات
650 1 7 _aالطفيليات
650 1 7 _aالبرغوث
653 _aمرحلة ناشؤون صغار(10-14) سنة
942 _2ddc
_cBK
999 _c52747
_d52747